00434nam a2200133 a 4500008004100000050001900041100001800060245008100078260003500159300001700194350000900211650004100220650003900261120416s1972 ||||||||||||||||| || u aQD 75.4.A8 Com aWilkins, C. L10aComputers in chemical and biochemical researchcedited by C. E. Klopfenstein aNew YorkbAcademic Pressc1972 avols. : ill. a0.00 aBIOCHEMICAL-- COMPUTATIONAL ANALYSIS 0aCHEMISTRY--HANDBOOKS, MANUALS, ETC